| 000 | 00576nam a2200241 a 4500 | ||
|---|---|---|---|
| 001 | nice12345678 | ||
| 003 | IN_TiNIC | ||
| 005 | 20260116011913.0 | ||
| 008 | 050524s1897 lona grp 000 0 eng | ||
| 020 |
_a _c100 |
||
| 082 | 0 | 0 |
_a294.5 _bMIT |
| 100 | _aMitchell, J Murray | ||
| 245 | _aHinduism Past and Present | ||
| 260 |
_aLondon _bReligious Tracts Society _c1897 |
||
| 300 | _a287p | ||
| 500 | _aincludes index and biblioraphy | ||
| 505 | 2 | _aindex | |
| 650 | _aHinduism | ||
| 700 | 1 | _aMitchell, J Murray | |
| 902 | _bSRS | ||
| 942 | _cBK | ||
| 999 |
_c4839 _d4839 |
||